Quick Pick: Marvin Gaye Songs Quiz Stats

 Plays Quiz Updated Dec 10, 2017

Score 0/13 Timer 01:00
0 Plays Today
% Correct
Grapevine
94.4%
Get
94.2%
Going
94.1%
Two
92.2%
Love
91.7%
Ain't
91.6%
Real
91.2%
Sweet
91%
Sexual
90.8%
Give
88.6%
Inner
86.2%
Mercy
79.4%
Want
74.8%

Today's Daily Dose

You're not logged in!

Compare scores with friends on all Sporcle quizzes.
OR
Log In

You Might Also Like...

Show Comments

Extras

Top Quizzes Today


Score Distribution

Your Account Isn't Verified!

In order to create a playlist on Sporcle, you need to verify the email address you used during registration. Go to your Sporcle Settings to finish the process.

Report this User

Report this user for behavior that violates our Community Guidelines.

Details: